01074nam a2200241 a 4500001001000000003000900010005001700019008003900036020001800075040002500093082002800118100003000146245005300176260009600229300002100325490001500346490001800361505033900379650002400718650002700742700003300769830003000802000014129DO-SdBNP20260321073639.0091204s  2009    dr        000 j spa d  a9789945406917  aDO-SdBNPbspacBNPHU 4aRD863.44bB742cue, 20091 a Bosch, Juan, d1909-200110aCuentos escritos antes del exilio /cJuan Bosch.  aSanto Domingo :bComisión Nacional Centenario Juan Bosch:bFundación Juan Bosch,c2009.  a235 p. ;c23 cm.1 aCentenario1 aLiteraturav10 aLa mujer -- Dos pesos de agua -- La verdad -- Piloncito -- El resguardado -- El cobarde -- Chucho -- La pulpería -- Revolución -- El abuelo -- Sombras -- El alzado -- La pájara -- El algarrobo -- Forzados -- El cuchillo -- Cundito -- Guaraguaos -- La sangre -- Lucero -- Lo mejor -- San Andrés -- La negación -- Camino real.10aCuentos dominicanos10aLiteratura dominicana.  aCastro, Tomás,d1959-eed. 0aCentenariopLiteraturan1